| 000 | 00467nam a2200181Ia 4500 | ||
|---|---|---|---|
| 001 | 14410 | ||
| 005 | 20260306164912.0 | ||
| 008 | 260306t2015||||xx |||||||||||||| ||spa|| | ||
| 041 | _aESP | ||
| 082 |
_a515.35 _bB169 |
||
| 100 |
_aBoyce, William E. _eAUT |
||
| 245 | 0 | _aEcuaciones diferenciales y problemas con valores en la frontera | |
| 260 | _c2015 | ||
| 300 |
_axviii, 789 páginas : _c25 cm. |
||
| 650 | _aGEN | ||
| 654 | _aCMA | ||
| 942 |
_cLIB _dJUS _fJUS _2ddc _n |
||
| 999 |
_c14410 _d14410 |
||